000 00596nam a2200193Ia 4500
005 20250508164832.0
008 008 250505s9999 xx 000 0 eng d
037 _aDissertations
040 _aFEDL
_beng
_cFEDL
041 _aeng
_2eng
084 _a155.4, WAD/DI
_qFEDL
100 _aWadhwa Toolika
245 0 _aIdentity development and psychological well being in relation to religious commitments of young adults
260 _c2008
300 _a206p.
546 _aM. Phil Dissertation (Delhi University)
942 _cDIS
_h155.4, WAD/DI
999 _c1391484
_d1391484